| 000 | 01731nam0a2200337 4500 | ||
|---|---|---|---|
| 001 | RU\NLR\bibl\50514 | ||
| 005 | 20250616083808.0 | ||
| 010 |
_a5-230-03704-0 _9300 |
||
| 021 |
_aRU _b99-29806 _91456 |
||
| 035 | _a(NLR Aleph) 000049245 | ||
| 090 |
_a262807 _c262807 |
||
| 100 | _a19991001d1999 |||y0rusy50 ca | ||
| 101 | 0 | _arus | |
| 102 | _aRU | ||
| 105 | _ay ||||||||| | ||
| 200 | 1 |
_aКомпьютер для менеджера _eКурс лекций _eУчеб. пособие _e[Для студентов 5 курса веч. формы обучения спец. "Инженер-экономист хим. пром-сти] _fН.В.Ефимов, А.В.Сычева _gМ-во общ. и проф. образования Рос. Федерации, Волгогр. гос. техн. ун-т, Волж. политехн. ин-т |
|
| 210 |
_aВолгоград _cВолгГТУ _cВПИ _d1999 |
||
| 215 |
_a65 с. _d20 |
||
| 320 | _aБиблиогр.: с.65 | ||
| 606 | 0 |
_aМенеджеры _jРуководства, пособия и т.п. для высшей школы _xТруд _xКомпьютеризация _92107729 _3RU\NLR\auth\661274086 |
|
| 606 | 0 |
_aМенеджеры _jУчебные издания для высшей школы _xТруд _xКомпьютеризация _92107729 _3RU\NLR\auth\661274086 |
|
| 686 | _aУ30(2)60-640-963я73-2 | ||
| 700 | 1 |
_aЕфимов _bН. В. _gНиколай Васильевич _4070 |
|
| 701 | 1 |
_aСычева _bА. В. _gАлександра Васильевна _4070 |
|
| 801 | 0 |
_aRU _bNLR _c19991001 _gPSBO |
|
| 801 | 1 |
_aRU _bNLR _c19991001 |
|
| 830 | _aАвт. раскрыты по кн. | ||
| 852 |
_aNLR _j99-4/6331 |
||
| 942 | _cBOOK | ||
| 980 | _aNB | ||